| 000 | 00492nam a22001817a 4500 | ||
|---|---|---|---|
| 003 | LK-CoDNM | ||
| 005 | 20250120155149.0 | ||
| 008 | 250120b |||||||| |||| 00| 0 eng d | ||
| 040 |
_aLK-CoDNM _dLK-CoDNM _eLK-CoDNM |
||
| 041 | _aeng | ||
| 080 |
_a9 _bF33 |
||
| 100 | _aF.R.S., D.Sc., M.A, Prior, G.T | ||
| 245 | _aCatalogue of Meteorites | ||
| 260 |
_aLondon _bOrder of the Trustees of the British Museum _c1953 |
||
| 300 | _axxviii, 431p. : 22 cm | ||
| 650 | _aScience | ||
| 942 | _cBK | ||
| 999 |
_c237085 _d237085 |
||